Bezpečnostní dimenze regionálního rozvoje

Bezpečnostný manažment ako integrálna súčasť regionálneho rozvoja. Špecifiká bezpečnostného manažmentu a relevantné subjekty v oblasti vnútornej bezpečnosti - štátnej bezpečnostnej služby, neštátnej bezpečnostnej služby a orgány krízového riadenia. Community policing.

Gespeichert in:
Bibliographische Detailangaben
1. Verfasser: Bartošová, Hana
Weitere Verfasser: Bartoš, Ján
Format: Buchkapitel
Sprache:Tschechisch
Schlagworte:
Tags: Tag hinzufügen
Keine Tags, Fügen Sie das erste Tag hinzu!

MARC

LEADER 00000nla a2200000 4500
001 0194854
005 20240417075051.3
041 0 |a cze 
044 |a CZ 
245 1 0 |a Bezpečnostní dimenze regionálního rozvoje  |c Hana Bartošová, Ján Bartoš 
520 |a Bezpečnostný manažment ako integrálna súčasť regionálneho rozvoja. Špecifiká bezpečnostného manažmentu a relevantné subjekty v oblasti vnútornej bezpečnosti - štátnej bezpečnostnej služby, neštátnej bezpečnostnej služby a orgány krízového riadenia. Community policing. 
610 2 0 |a manažment 
610 2 0 |a politika bezpečnostná 
610 2 0 |a politika regionálna 
610 2 0 |a manažment krízový 
100 1 |a Bartošová, Hana 
700 1 |a Bartoš, Ján